Responses for Show #7625 - Friday, November 3, 2017

Contestants

[<< previous game]

Nicole Jarvis, a graduate student from Seattle, Washington

Kara Chandler, a stay-at-home mom from Berwyn, Illinois

Monica Ashar, an attorney from Washington, D.C. (whose 1-day cash winnings total $12,801)

[next game >>]

Jeopardy! Round responses

THE HANDMADE TALE
BOOKS & AUTHORS
MUSICALS' OPENING NUMBERS
ALPHABET SOUP WHEN YOU'RE SICK
MISSISSIPPI
"HOLD" GLORY
    $200 13
Etsy

Monica
    $200 8
Catcher in the Rye

Nicole
    $200 1
Cabaret

Kara
    $200 16
an electronic medical record

Nicole
    $200 21
the magnolia

Monica
    $200 6
a household

Monica
    $400 23
ceramics

Kara
    $400 9
The Bridges of Madison County

Kara
    $400 2
Fiddler on the Roof

Nicole
    $400 17
hypertension

Monica
    $400 22
root beer

Nicole
    $400 7
a holdout

Nicole
    $600 24
vodka

Nicole
    $600 10
Anais Nin

Kara
    $600 3
Hairspray

Monica
    $600 18
benefits

Monica
    $600 28
blues

Nicole
    $600 14
(Kara: What is a stronghold?)

foothold

KaraNicole
    $800 25
passports

Kara
    $800 11
The Shack

Triple Stumper
    $800 4
A Chorus Line

Kara
    $800 19
an organ procurement

Triple Stumper
    $800 29
(William) Faulkner

Kara
    $800 15
a holdover

Kara
    $1000 26
(Alex: Less than a minute to go.)

decoupage

Kara
    $1000 12
(Monica: Who is Upton Sinclair?)
(Alex: No.)
(Monica: Oh no!)

Sinclair Lewis

Monica
Triple Stumper
    $1000 5
My Fair Lady

Kara
    $1000 27
telling you to take it twice a day

Triple Stumper
    $2,000 30
(Kara: Oh, Lord.)
(Alex: Pick a place.)
(Kara: What is Chickamauga?)

Vicksburg

Kara
    $1000 20
behold the man

Kara

Scores at the first commercial break (after clue 15):

Monica Kara Nicole
$0 $3,200 $1,600

Scores at the end of the Jeopardy! Round:

Monica Kara Nicole
$1,200 $5,200 $3,400

Double Jeopardy! Round responses

OUT ON THE TOWN IN THE 1600s
IDIOMS, ANNOTATED
"R" MOVIES
THANK YOU, SENATOR
AN EXCELLENT QUESTION
I TAKE THE FIFTH
    $400 17
a carriage

Kara
    $400 13
a pig

Nicole
    $400 2
The Revenant

Nicole
    $400 1
John McCain

Nicole
    $400 11
Alice's Adventures in Wonderland

Monica
    $400 26
a tiebreaker

Triple Stumper
    $1,000 18
tulips

Kara
    $800 24
field day

Kara
    $800 3
Rocky

Kara
    $800 7
(Nicole: What is Arbor Day?)

Earth Day

KaraNicole
    $800 12
Sigmund Freud

Triple Stumper
    $800 27
St. Paddy's Day

Kara
    $1200 19
(Nicole: What is lace?)

a ruff

KaraNicole
    $1200 22
fish or cut bait

Monica
    $1200 4
Rear Window

Kara
    $1200 8
Roth

Monica
    $1200 14
How do you like them apples?

Nicole
    $1200 28
thou shalt not kill

Kara
    $1600 20
a madrigal

Kara
    $1600 23
the board

Monica
    $1600 5
Raiders of the Lost Ark

Kara
    $1600 9
(William) Seward

Kara
    $1600 15
Is it I?

Monica
    $1600 29
statins

Triple Stumper
    $2000 21
plague water

Nicole
    $2,000 25
(Kara: What is merchants?)
...
(Alex: We have less than a minute to go.)

shopkeepers

Kara
    $2000 6
The Road

Nicole
    $2000 10
(Leland) Stanford

Monica
    $2000 16
Shall I compare thee to a summer's day?

Nicole
    $2000 30
Benito Juárez

Triple Stumper

Scores at the end of the Double Jeopardy! Round:

Monica Kara Nicole
$9,200 $16,200 $9,800

[wagering suggestions for these scores]

Final Jeopardy! Round responses

WORLD CAPITALS
(Alex: Enjoy the next two weeks, and we will see you after the Tournament of Champions. But we will see you, we hope, on Monday for that start of that tournament. So long, everybody.)
MonicaWhat is Caraca Santiago?
$7,001
NicoleWhat is Quito
$4,900
KaraWhat is Santiago?
$3,401
La Paz, Bolivia

Final scores:

Monica Kara Nicole
$2,199 $12,799 $4,900
3rd place: $1,000 New champion: $12,799 2nd place: $2,000

Game dynamics:

Coryat scores:

Monica Kara Nicole
$9,200 $20,000 $9,800
12 R,
1 W
23 R
(including 1 DD),
3 W
(including 2 DDs)
15 R,
2 W

Combined Coryat: $39,000

[game clues] [game scores] [suggest correction]

Game tape date: 2017-08-08
The J! Archive is created by fans, for fans. Scraping, republication, monetization, and malicious use prohibited; this site may use cookies and collect identifying information. See terms. The Jeopardy! game show and all elements thereof, including but not limited to copyright and trademark thereto, are the property of Jeopardy Productions, Inc. and are protected under law. This website is not affiliated with, sponsored by, or operated by Jeopardy Productions, Inc. Join the discussion at JBoard.tv.